000
00216nam a2200097Ia 4500
008
240331s9999 xx 000 0 und d
082
_b
AZA
100
_a
Asad, A
245
0
_a
Ghazal :
_b
paadappadap paravasam
942
_c
L
999
_c
4721
_d
4721